000 00529nam a2200193Ia 4500
005 20250326140427.0
008 250326s9999 xx 000 0 und d
037 _aTextbook
040 _aFMSL
_beng
_cFMSL
041 _aeng
_2eng
084 _aX8(A):8 P0
_qFMSL
100 _aSalamon M
_9742346
245 0 _aIndustrial relations Theory and Practice
_cSalamon M
250 _a4
260 _aNew York
_bNew York, Prentice Hall
_c2000
300 _a617p
942 _cTB
_hX8(A):8 P0
999 _c1285750
_d1285750